书目信息 |
| 题名: |
毛泽东选集
|
|
| 作者: | 毛泽东 著 | |
| 分册: | 第一卷 | |
| 出版信息: | 北京 人民出版社 1966.07 |
|
| 页数: | 312页 | |
| 开本: | 19cm | |
| 丛书名: | ||
| 单 册: | ||
| 中图分类: | A41 | |
| 科图分类: | ||
| 主题词: | 毛泽东著作--选集 | |
| 电子资源: | ||
| ISBN: | ||
| 000 | 00555nam0 2200205 45 | |
| 001 | 0181023609 | |
| 005 | 20070930084234.95 | |
| 010 | @dCNY0.44 | |
| 091 | @a1001.744 | |
| 100 | @a20810111d km y0chiy0120 ea | |
| 101 | 0 | @achi |
| 200 | 1 | @a毛泽东选集@AMao Ze Dong Xuan Ji@h第一卷@f毛泽东著@FMao Ze Dong Zhu |
| 210 | @a北京@c人民出版社@d1966.07 | |
| 215 | @a312页@d19cm | |
| 300 | @a根据1952年7月第1版重排本1966年7月改横排本 | |
| 606 | 0 | @a毛泽东著作@x选集 |
| 690 | @aA41@v3 | |
| 701 | 0 | @a毛泽东@4著 |
| 801 | @aCN@bTSTC@c20070930 | |
| 905 | @dA41@e1:1 | |
| 毛泽东选集.第一卷/毛泽东著.-北京:人民出版社,1966.07 |
| 312页;19cm |
| 根据1952年7月第1版重排本1966年7月改横排本 |
| ISBN :CNY0.44 |
| ● |
| 相关链接 |
|
|
|
|
正题名:毛泽东选集
索取号:A41/1:1
 
预约/预借
| 序号 | 登录号 | 条形码 | 馆藏地/架位号 | 状态 | 备注 |
| 1 | 609938 | 206099381 | 密集书库/ [索取号:A41/1:1] | 在馆 |